000
00205nam a22000977a 4500
999
_c
4406
_d
4406
008
250217b ||||| |||| 00| 0 eng d
082
_a
800
100
_a
Behrent,Sue
_e
Author
245
_a
Elliot
942
_2
ddc